00273nam a2200109Ia 4500008004100000041000800041082001200049100002100061245003300082260002900115300001900144241028s9999 xx 000 0 und d aeng a332 DEM aPaul H Dembinski aFinance: Servant Or Deceiver bPalgraveaNew Yorkc2009 a185;. P. 22 cm